|
|
|
|
| LEADER |
00833cam a2200217 7i4500 |
| 001 |
0000067550 |
| 005 |
20140603090000.0 |
| 008 |
090827s2008 enka sb 001 0 eng d |
| 020 |
# |
0 |
|a 0749452617
|
| 020 |
# |
0 |
|a 9780749452612
|
| 090 |
0 |
0 |
|a HD 61.5
|b .D4 2008
|
| 100 |
1 |
# |
|a Desouza, Kevin C., 1979
|
| 245 |
0 |
0 |
|a Managing knowledge security :
|b strategies for protecting your company's interllectual assets
|c kevin C. Desouuza.
|
| 260 |
# |
# |
|a London:
|b Earthscan,
|c 2008.
|
| 300 |
# |
# |
|a xv, 200 p.:
|b ill.;
|c 23 cm..
|
| 504 |
0 |
0 |
|a Includes bibliographical references and index
|
| 590 |
# |
# |
|a Pusat Pengajian Perniagaan dan Pengurusan Maritim
|
| 650 |
0 |
0 |
|a Knowledge management
|
| 650 |
0 |
0 |
|a Intellectual capital --
|x Management
|
| 650 |
0 |
0 |
|a Business enterprises --
|x Security measures
|
| 999 |
|
|
|a 1100063145
|b Book
|c Open Shelf
|e KOLEKSI TERBUKA
|